| 000 | 00449nam a2200181Ia 4500 | ||
|---|---|---|---|
| 001 | 20761 | ||
| 005 | 20260306172829.0 | ||
| 008 | 260306t2022||||xx |||||||||||||| ||spa|| | ||
| 041 | _aESP | ||
| 082 |
_a343.8 _bA48 |
||
| 100 |
_aAlvarado Goicochea, Enrique _eAUT |
||
| 245 | 0 | _aTributación en las instituciones educativas | |
| 260 | _c2022 | ||
| 300 |
_a127 pƔginas : _c24 cm. |
||
| 650 | _aGEN | ||
| 654 | _aCDE | ||
| 942 |
_cLIB _dJUS _fJUS _2ddc _n |
||
| 999 |
_c20761 _d20761 |
||